000 00549nam a2200181Ia 4500
005 20250326142532.0
008 250326s9999 xx 000 0 und d
037 _aTextbook
040 _aFMSL
_beng
_cFMSL
041 _aeng
_2eng
084 _aX:321:(SNI) M3
_qFMSL
100 _aHawkins D I
_9743889
245 0 _aConsumer Behavior: Implication for marketing strategy
_cHawkins D I And Others
260 _aBusiness
_bBusiness, Publications
_c1983
300 _a665p
942 _cTB
_hX:321:(SNI) M3
999 _c1295488
_d1295488